Prefabricados de hormigón

Bibliographic Details
Main Author: Payá Peinado, Miguel
Format: Section = Libro
Language:Undetermined
Spanish
Published: España CEAC 1981
Edition:13a.ed.
Subjects:
LEADER 00497nam a2200193Ia 4500
008 240829s9999 xx 000 0 und d
020 |a 84-329-2853-4 
040 |a BIBLIOTECA-RUPAP 693.522 P343 
041 |a spa 
082 |a 693.522 P343 
100 1 |a Payá Peinado, Miguel 
245 1 0 |a Prefabricados de hormigón 
250 |a 13a.ed. 
260 |a España  |b CEAC  |c 1981 
300 |a 160 p. :il. 
650 7 |a CONSTRUCCIONES DE HORMIGON. I. Tít. 
942 |c BK  |2 ddc 
991 |a TEXTO 
999 |c 9096